Wszystkie modele telefonów Samsunga w 2025 - Statystyki

Ogólne statystyki
  • Ten quiz został rozwiązany 15 razy
  • Średni wynik to 5 z 13
Statystyki odpowiedzi
Odpowiedź % Poprawnych
Samsung Galaxy S25
100%
Samsung Galaxy S25+
100%
Samsung Galaxy A56
64%
Samsung Galaxy S25 Ultra
50%
Samsung Galaxy A36
36%
Samsung Galaxy A16
21%
Samsung Galaxy Z Flip 6
21%
Samsung Galaxy A06
14%
Samsung Galaxy M35
14%
Samsung Galaxy Z Fold 6
14%
Samsung Galaxy M55
7%
Samsung Galaxy S25 Edge
7%
Samsung Galaxy M15
0%
Nie znaleziono quizów pasujących do podanych kryteriów
Rozkład punktacji
Procent ludzi z każdym wynikiem
Percentyl według liczby udzielonych odpowiedzi
Twoja historia wyników
Nie rozwiązałeś tego quizu